000 00881nam a2200253Ia 4500
003 OSt
005 20221005113326.0
006 a|||||r|||| 00| 0
007 ta
008 221004b |||||||| |||| 00| 0 pan d
020 _a9788130202747 (pbk)
_c280
024 _a26456
037 _b985, 16/12/2015, H.K. Prakashan
_cTextual
040 _aCRL
_cCRL
_bpan
041 _2pan
_apan
082 _aO153,1NHA:g, Q4
100 _aਰੈਣਾ, ਅੰਮ੍ਰਿਤ ਕੌਰ
245 0 _aਪ੍ਰੋ. ਹਰਨਾਮ ਦਾਸ
260 _aਪਟਿਆਲਾ
_bਪਬਲੀਕੇFਨ ਬਿਊਰੋ ਭਾਰਤ
_c2014
300 _a236ਪੰ
_ccm.
650 _aਪੰਜਾਬੀ ਸਾਹਿਤ
942 _hO153,1NHA:g, Q4
_cTEXL
_2cc
999 _c1027806
_d1027806